| 000 | 01112nam a2200289 a 4500 | ||
|---|---|---|---|
| 001 | ASIN0195515560 | ||
| 003 | OSt | ||
| 005 | 20170105102904.0 | ||
| 008 | 131021s2002 xxu eng d | ||
| 020 | _a0195515560 (paperback) | ||
| 020 | _a9780195515565 (paperback) | ||
| 040 | _as | ||
| 050 | 0 | 4 | _aLB2395 |
| 082 | 0 | 4 |
_a378.170281 _bHAY 2002 |
| 100 | 1 | _aHay, Iain. | |
| 245 | 1 | 0 |
_aMaking the grade / _cIain Hay. |
| 250 | _a2nd ed. | ||
| 260 |
_a[S.l.] : _bOUP Australia and New Zealand, _c2002. |
||
| 300 |
_a208 p. ; _c22 cm. |
||
| 520 | _aA comprehensive source of information on study and communication skills for tertiary-level students. Chapters outline the whys and hows of essays, research and laboratory reports, reviews, summaries, and more. This edition includes new material on group work and amendments reflecting technological shifts. | ||
| 650 | 0 | _aAcademic achievement | |
| 650 | 0 | _aAcademic writing | |
| 650 | 0 | _aCommunication in education | |
| 650 | 0 | _aStudy skills | |
| 856 | 4 | 0 |
_3Amazon.com _uhttp://www.amazon.com/exec/obidos/ASIN/0195515560/chopaconline-20 |
| 942 |
_2ddc _cBK |
||
| 999 |
_c14764 _d14764 |
||